Les participants de Nouvelle École (saison 3) - Statistiques

Statistiques générales
  • Ce quiz a été pris 171 fois
  • Le résultat moyen est 12 sur 24
Statistiques - réponses
Résultat Élimination Auditeurs mensuels actuels Candidat % Correct
Deuxième Finale 2 323 124 Dadi
99%
Sixième Samples 122 490 Clara Charlotte
96%
Troisième Finale 688 972 JYEUHAIR
96%
Cinquième Clips 2 662 136 Yorssy
96%
Vainqueur -- 593 631 Youssef Swatt's
93%
Quatrième Featurings 1 962 550 AMK
91%
7-10 Battles 20 301 Kenz
88%
7-10 Battles 65 973 Durden
81%
7-10 Battles 97 358 James Loup
81%
7-10 Battles 88 347 Damys
73%
11-12 Cyphers 7 212 C_le_zee
57%
11-12 Cyphers 97 918 Anglade
51%
13-18 2e audition 63 215 Godson
42%
13-18 2e audition 7 111 Sophieanne
41%
13-18 2e audition 30 971 Allebou
34%
19-24 1e audition 5 097 Lord Gasmique
26%
13-18 2e audition 72 827 Trigga
26%
13-18 2e audition 3 142 Arvin
23%
13-18 2e audition 7 940 Hakill
15%
19-24 1e audition 3 417 Mdlean
15%
19-24 1e audition 29 276 Jahlys
9%
19-24 1e audition 87 Nanor
6%
19-24 1e audition 1 045 Shaka
6%
19-24 1e audition 162 R'may
4%
Aucun quiz correspondant
Distribution des résultats
% des personnes avec chaque résultat
Percentile par nombre de réponses
Votre historique - résultats
Vous n’avez pas pris ce quiz